000 00428nam a2200145Ia 4500
008 230917s9999||||xx |||||||||||||| ||und||
040 _e167420
_aMAIN
041 _aEnglish
082 _a891.432741 TR326S
100 _aठाकरान,रामचन्द्र
245 0 _aसरदार चूङामन
260 _aदिल्ली
_bशब्द और शब्द
_c1981
300 _a107 p.
942 _cHN
999 _c226029
_d226029